100 MCU Actors by Picture - Statistics

General Stats
  • This quiz has been taken 59 times
    10 since last reset
  • The average score is 41 of 100
Answer Stats
Picture Answer % Correct
Scarlett Johansson
100%
Chris Evans
89%
Chris Hemsworth
89%
Mark Ruffalo
89%
Michael B Jordan
89%
Robert Downey Jr
89%
Tom Holland
89%
Benedict Cumberbatch
78%
Chadwick Boseman
78%
Chris Pratt
78%
Florence Pugh
78%
Idris Elba
78%
Paul Rudd
78%
Ryan Reynolds
78%
Tobey Maguire
78%
Andrew Garfield
67%
Christian Bale
67%
Dave Bautista
67%
Elizabeth Olsen
67%
Emilia Clarke
67%
Gwyneth Paltrow
67%
Hailee Steinfeld
67%
Hugh Jackman
67%
Jeremy Renner
67%
Natalie Portman
67%
Rachel McAdams
67%
Stan Lee
67%
Tom Hiddleston
67%
Zendaya
67%
Angelina Jolie
56%
Brie Larson
56%
David Harbour
56%
Jeff Goldblum
56%
Michael Keaton
56%
Owen Wilson
56%
Samuel L Jackson
56%
Simu Liu
56%
Stanley Tucci
56%
Aaron Taylor Johnson
44%
Anthony Hopkins
44%
Anthony Mackie
44%
Aubrey Plaza
44%
Ben Kingsley
44%
Bradley Cooper
44%
Cate Blanchett
44%
Don Cheadle
44%
Julia Louis Dreyfus
44%
Nathan Fillion
44%
Sebastian Stan
44%
Tilda Swinton
44%
Zoe Saldana
44%
Andy Serkis
33%
Awkwafina
33%
Cobie Smulders
33%
Jeff Bridges
33%
Josh Brolin
33%
Karen Gillan
33%
Kat Dennings
33%
Kathryn Hahn
33%
Lupita Nyongo
33%
Paul Bettany
33%
Stellan Skarsgard
33%
Vin Diesel
33%
Benedict Wong
22%
Benicio Del Toro
22%
Hayley Atwell
22%
Jon Favreau
22%
Letitia Wright
22%
Linda Cardellini
22%
Marisa Tomei
22%
Martin Freeman
22%
Michael Pena
22%
Michelle Pfeiffer
22%
Pom Klementieff
22%
Randall Park
22%
Taika Waititi
22%
Vincent D'Onofrio
22%
Xochitl Gomez
22%
Charlie Cox
11%
Danai Gurira
11%
Emily VanCamp
11%
Evangeline Lilly
11%
Frank Grillo
11%
Jacob Batalon
11%
Joe Locke
11%
Sean Gunn
11%
Tessa Thompson
11%
Ty Simpkins
11%
Winston Duke
11%
Wyatt Russell
11%
Angourie Rice
0%
Clark Gregg
0%
Danny Ramirez
0%
Dominic Cooper
0%
Emma Corrin
0%
Iman Vellani
0%
James Spader
0%
Michael Rooker
0%
Rene Russo
0%
Teyonah Parris
0%
No matching quizzes found
Score Distribution
Percent of People with Each Score
Percentile by Number Answered
Your Score History
You have not taken this quiz since the last reset